| 000 | 00385nam a2200145Ia 4500 | ||
|---|---|---|---|
| 008 | 150201s2001 xx 000 0 und d | ||
| 082 |
_a617.695 _bS2001A |
||
| 100 | _aANUSAVICE | ||
| 245 | _aPHILLIPS : SCIENCE OF DENTAL MATERIALS | ||
| 250 | _a10TH | ||
| 260 |
_bHARCOURT INDIA PRIVATE LIMITED _aNEW DELHI _c2001 |
||
| 300 | _a1-709 | ||
| 650 | _aDENTAL MATERIAL | ||
| 942 |
_2ddc _cBK _04 |
||
| 999 |
_c2519 _d2519 |
||